000 01519cam a22002174a 4500
005 20250605163955.0
008 250528s ||||||||||||||||||||||||d
035 _a15434
020 _a130156825
040 _aGR-AtMCL
_bgre
_dGR-AtMCL
_eAACR2
245 1 _aManagement Information Systems / Organization and Technology in the Networked Enterprise: Sixth Edition
250 _a6th
260 _bPrentice Hall International,
_c2000
300 _a666
520 _aThis book uses technology to teach students about information systems and technology. Organizational Foundations of Information Systems, The Information Systems Revolution: Transforming Business and Management, The Strategic Role of Information Systems, Ethical and Social Impact of Information Systems, Technical Foundations of Information Systems, Computers and Information Processing, Information Systems Software, Managing Data Resources, Telecommunications and Networks, Building Information Systems: Contemporary Approaches, Approaches to Systems-Building, System Success and Failure: Implementation, Management and Organizational Support Systems, Managing Knowledge, Enhancing Management Decision Making, Managing Contemporary Information Systems, Information Systems Security and Control, Managing International Information Systems, Managing Firm Infrastructure and Enterprise Systems, References, Index.
700 1 _aLaudon Jane Price
_91357
700 1 _aLaudon Kenneth C
_91358
942 _cBK
999 _c1014
_d1014